000 00928nam a2200301Ia 4500
001 4606
003 IT-RoPAU
008 130308s9999 xx 000 0 und d
040 _aIT-RoPAU
040 _cIT-RoPAU
041 _aITALIANO
100 _aBaragli Enrico
100 _gCodice Aut. SPICS: 9603
245 _aGiudizio critico totale del film (Il)
245 _bDiscutere un Film-Orientamenti per Il Dibattito Cinematografico
250 _a1a ed.
260 _aPADOVA
260 _bCineforum Antonianum
260 _c1963 [1° Ed.:1963 - Ed.Ling.Originale:1963]
300 _a"15 p. (prefazione: no ; testo: 15 [pagine: 43-57])"
500 _aAspetto Tecnico Economico Politico Estetico Morale sociologico spettacolare Comunicazione e Linguaggio basi Teoriche
650 _aEDUCAZIONE AL CINEMA
650 _eCodice materia Spics: 6812
942 _cBK
957 _71
999 _c56086
_d56086
999 _bSI
999 _g1